| 000 | 00764cac a22002415a 4500 | ||
|---|---|---|---|
| 006 | a||||fr|||| 00| 0 | ||
| 008 | 150816t2001 ad||f |||| 001 0 eng d | ||
| 010 | _a 00050650 | ||
| 020 | _a0763715018 | ||
| 020 | _a9780763715014 | ||
| 040 |
_aEG-ScBUE _beng _cEG-ScBUE |
||
| 082 | 0 | 4 |
_a005.133 _bDAL _222 |
| 100 | 1 | _aDale, Nell B. | |
| 245 | 1 | 2 |
_aA laboratory course in Java / _cNell Dale. |
| 260 |
_aBoston : _bJones and Bartlett Publishers, _cc 2001. |
||
| 300 |
_axi, 315 p. ; _c28 cm. _e+ 1 computer laser optical disc (4 3/4 in.) |
||
| 504 | _aGlossary 304-315. | ||
| 650 | 0 |
_aJava (Computer program language) _2BUEsh |
|
| 651 | _2BUEsh | ||
| 653 |
_bCOMSCI _cAugust2015 |
||
| 655 |
_vtext book _933728 |
||
| 942 |
_cTB _k005.133D152 _2ddc |
||
| 999 |
_c3054 _d3054 |
||